Statistics for 2019-2020 Atlanta Falcons Current Roster

Click here to take the quiz!

General Stats

  • This quiz has been taken 160 times
  • The average score is 13 of 37

Answer Stats

HintAnswer% Correct
QBMatt Ryan
99%
WRJulio Jones
98%
LBDeion Jones
94%
WRCalvin Ridley
84%
RBDevonta Freeman
75%
TEAustin Hooper
68%
WRMohamed Sanu
58%
OLAlex Mack
55%
CoachDan Quinn
54%
RBIto Smith
54%
CBDesmond Trufant
52%
DTGrady Jarrett
48%
SSKeanu Neal
48%
OLJake Matthews
44%
FSRicardo Allen
38%
WRRussell Gage
37%
PMatt Bosher
33%
DEVic Beasley
32%
DETakkarist McKinley
27%
DEAdrian Clayborn
26%
QBMatt Schuab
25%
CBIsaiah Oliver
24%
WRJustin Hardy
23%
LBDe'Vondre Campbell
19%
CBDamontae Kazee
17%
LBFoye Oluokun
14%
OLJames Carpenter
13%
CBKendell Sheffield
11%
LSJosh Harris
10%
KRKenjon Barner
9%
DTJack Crawford
6%
DTTyeler Davison
6%
TELogan Paulsen
5%
TEEric Saubert
4%
OLTy Sambrailo
4%
OLChris Lindstorm
2%
KGeorgio Tevecchio
0%

Score Distribution

Percentile by Number Answered

Percent of People with Each Score

Your Score History

You have not taken this quiz